| 000 | 01294nam a2200241Ia 4500 | ||
|---|---|---|---|
| 003 | OSt | ||
| 005 | 20260526121056.0 | ||
| 008 | 210210b1995 xxu||||| |||| 00| 0 eng d | ||
| 020 | _a81 237 1423 8 | ||
| 040 | _cAL | ||
| 041 | _aKannada | ||
| 082 | _a370.15K GIJH | ||
| 100 |
_aGIJUBHAI BADHEKA. _dಗಿಜುಭಾಯಿ ಬಧೇಕಾ _9264587 |
||
| 245 |
_aHagaluganasu. _bಹಗಲುಗನಸು |
||
| 260 |
_aIndia. _bNyational Buk Trast., _c1995 |
||
| 300 | _avi,89 | ||
| 520 | _a ಸಾಂಪ್ರದಾಯಿಕ ಮತ್ತು ಬಲವಂತದ ಶಿಕ್ಷಣ ಪದ್ಧತಿಯನ್ನು ವಿರೋಧಿಸುವ ಓರ್ವ ಆದರ್ಶ ಶಿಕ್ಷಕನ ಕಥೆ ಇದಾಗಿದೆ. ಪುಸ್ತಕಗಳನ್ನು ಕಂಠಪಾಠ ಮಾಡಿಸುವ ಬದಲು, ಮಕ್ಕಳ ಕುತೂಹಲ, ಸೃಜನಶೀಲತೆ ಮತ್ತು ಆಸಕ್ತಿಯನ್ನು ಆಧರಿಸಿ ಕಲಿಸುವುದು ಹೇಗೆ ಎಂಬುದನ್ನು ಇದು ವಿವರಿಸುತ್ತದೆ. | ||
| 650 |
_aದಿವಾಸ್ವಪ್ನ Gijubhai's Divaswapna _9264588 |
||
| 690 |
_aEducation _9264589 |
||
| 700 |
_a D R Baluragi _dದ.ರಾ. ಬಳೂರಗಿ. tr. _9264590 |
||
| 906 | _a050848 | ||
| 942 |
_2ddc _cBK |
||
| 999 |
_c99458 _d99458 |
||